Breaking Bad Characters Quiz Stats

 Plays Quiz not verified by Sporcle

Score 0/100 Timer 10:00
0 Plays Today
Hint Answer % Correct
Main characterWalter White
98.8%
Captain CookJesse Pinkman
98.8%
Walt's wifeSkyler White
97.6%
DEA AgentHank Schrader
97.6%
Los Pollos Hermanos ownerGustavo Fring
97.6%
ShoplifterMarie Schrader
96.5%
Better Call himSaul Goodman
96.5%
The CleanerMike Ehrmantraut
96.5%
Has Cerebra PalsyWalter White Jr.
91.8%
Shoots Drew SharpTodd Alquist
91.8%
Rings a bellHector 'Tio' Salamanca
87.1%
Uptight Madrigal employeeLydia Rodarte-Quayle
85.9%
Hank's partnerSteven Gomez
85.9%
Tight tight tightTuco Salamanca
83.5%
Todd's uncleJack Welker
83.5%
Jesse meets her at a meetingAndrea Cantillo
80%
Has affair with SkylerTed Beneke
80%
Throat cut by box cutterVictor
78.8%
Sets up the superlabGale Boetticher
77.6%
Andrea's sonBrock Cantillo
77.6%
Dollar Bill mascotBrandon 'Badger' Mayhew
77.6%
Jesse's neighbourJane Margolis
76.5%
Gives Jesse the RVChristian 'Combo' Ortega
75.3%
Choked with bike lockDomingo 'Krazy 8 Molina'
74.1%
Air Control OpperatorDonald Margolis
74.1%
Talented at the keyboardSkinny Pete
74.1%
Walt's daughterHolly White
74.1%
Kills ComboTomas Cantillo
72.9%
Saul's bodyguardHuell Babineaux
71.8%
Walt's old girlfriendGretchen Schwartz
69.4%
Crushed by ATM machineSpooge
69.4%
Replaces VictorTyrus Kitt
68.2%
Scary cousin 1Leonel Salamanca
65.9%
Scary cousin 2Marco Salamanca
65.9%
Hint Answer % Correct
Walt's old college roommateElliott Schwartz
64.7%
Rides a dirtbikeDrew Sharp
63.5%
German Madrigal friend of GusPeter Schuler
61.2%
Jesse's first partnerEmilio Koyama
60%
EyebrowsBogdan Wolynetz
60%
Tuco beats him to deathNo-Doze
58.8%
Jesse's brotherJake Pinkman
58.8%
Second half of the 'A' teamPatrick Kuby
58.8%
Runs the CartelDon Eladio Vuente
56.5%
Tuco's fat bodyguardGonzo
55.3%
Gus' first partnerMaximino Arciniega
54.1%
JP Wynne PrincipalCarmen Molina
54.1%
Tio's other grandsonJoaquin Salamanca
51.8%
Mike shoots him in the handDuane Chow
50.6%
Drinks root beer and turns tricksWendy
50.6%
Phoenix distributorDeclan
49.4%
Jesse's momMrs. Pinkman
47.1%
Jerk lawyerKen Wins
45.9%
Junior's best friendLouis Corbett
45.9%
Takes on Lydia's hit listChris Mara
42.4%
Mike's granddaughterKaley Ehrmantraut
41.2%
Jack's friendKenny
41.2%
Walt's NeighbourCarol
41.2%
Always finishes firstTortuga
40%
Killed by Mexican policeJuan Bolsa
38.8%
Saul's secretaryFrancesca
32.9%
JanitorHugo Archuleta
32.9%
Mike's guys' lawyerDan Wachsberger
31.8%
Manager of Industrial laundryDennis Markowsky
30.6%
Jesse's dadMr. Bruce Pinkman
30.6%
Owns junk yardOld Joe
30.6%
Hank's first ASACGeorge Merkert
23.5%
Killed SpoogeSpooge's Lady
23.5%
They kill TomasRival Dealers
23.5%
Hint Answer % Correct
Gus' DoctorBarry Goodman
22.4%
Cartel muscle manGaff
22.4%
Marie's TherapistDave
22.4%
APD DetectiveTim Roberts
20%
DissappearerEd
20%
Owns RV lotClovis
20%
Best Oncologist doctorDr. Delcavoli
20%
Chemistry studentBen
18.8%
Madrigal warehouse operatorRon Forenall
17.6%
Walt's NeighbourBecky
17.6%
Promotes Hank to ASACSAC Ramey
16.5%
Andrea's grandmotherMrs. Cantillo
16.5%
Lydia's daughterKiira Rodarte-Quayle
12.9%
Skyler's Divorce AttorneyPamela
11.8%
Killed by the cousinsMrs. Peyketewa
10.6%
Disruptive StudentChad
10.6%
Fake HeisenbergJames Kilkelly
10.6%
Twaughthammer memberPaul Tyree
10.6%
Jesse's rehab guideGroup Leader
9.4%
Arms DealerLawson
9.4%
Busts Badger with methGetz
9.4%
Shows Gus the 'pisser'Miguel
7.1%
Los Pollos Hermanos managerCynthia
5.9%
Painted cars for gangstersOlive Oil
5.9%
Cartel Meth ChemistBenicio Fuentes
5.9%
Madrigal CEOHerr Herzog
4.7%
IRS AgentJames Picarus
4.7%
Buys Walt's Aztec for $50Benny
3.5%
Junior's long haired friendSoren
2.4%
The Pinkman's Sales RepMr. Gardiner
2.4%
Beneke Fabricators ReceptionistMargaret
2.4%
Schuler's ReceptionistFrau Tromel
2.4%

You're not logged in!

Compare scores with friends on all Sporcle quizzes.
OR
Log In

Sporcle TV

Today on Sporcle TV


Watch our educational content, quiz creation guides, and fun videos on Sporcle TV.

Show Comments

Extras

Created Aug 31, 2015ReportNominate
Tags:Breaking, character, episode

Top Quizzes Today


Score Distribution

Your Account Isn't Verified!

In order to create a playlist on Sporcle, you need to verify the email address you used during registration. Go to your Sporcle Settings to finish the process.

Report this User

Report this user for behavior that violates our Community Guidelines.

Details: